His Holiness the Dalai Lama : the oral biography

This biography presents a fascinating mosaic of His Holiness the Dalai Lama as a multifaceted individual, viewed from the perspectives of a wide range of people who have encountered him over the past seventy years. The picture that emerges is the epitome of a sublimely balanced human being: with ope...

সম্পূর্ণ বিবরণ

সংরক্ষণ করুন:
গ্রন্থ-পঞ্জীর বিবরন
প্রধান লেখক: Strober, Deborah H.
বিন্যাস: গ্রন্থ
ভাষা:Undetermined
প্রকাশিত: Hoboken, N.J. John Wiley & Sons 2005
বিষয়গুলি:
ট্যাগগুলো: ট্যাগ যুক্ত করুন
কোনো ট্যাগ নেই, প্রথমজন হিসাবে ট্যাগ করুন!
Thư viện lưu trữ: Trung tâm Học liệu Trường Đại học Cần Thơ
LEADER 01423nam a2200229Ia 4500
001 CTU_157382
008 210402s9999 xx 000 0 und d
020 |c 24.95 
082 |a 294.3923092 
082 |b S919 
100 |a Strober, Deborah H. 
245 0 |a His Holiness the Dalai Lama : 
245 4 |b the oral biography 
245 0 |c Deborah Hart Strober, Gerald S. Strober 
260 |a Hoboken, N.J. 
260 |b John Wiley & Sons 
260 |c 2005 
520 |a This biography presents a fascinating mosaic of His Holiness the Dalai Lama as a multifaceted individual, viewed from the perspectives of a wide range of people who have encountered him over the past seventy years. The picture that emerges is the epitome of a sublimely balanced human being: with open-minded intelligence and unconditional compassion, an eagerness to engage with the world and a love of solitary meditation, embodying qualities of nobility and humility, of mature authority and childlike humor and playfulness. He is a complex man - a statesman and a holy man - who thinks of himself as a simple Buddhist monk. He inspires us all to become better people and to treat each other with love and respect, as he does with everyone he meets 
650 |a Dalai lamas,Tibet (China),Phật giáo,Tiểu sử Đức Phật 
650 |x History 
904 |i Nguyên 
980 |a Trung tâm Học liệu Trường Đại học Cần Thơ